| 000 | 01069nas a2200301 4500 | ||
|---|---|---|---|
| 001 | BR0300186 | ||
| 003 | BR-BrBNA | ||
| 005 | 20231205103509.0 | ||
| 007 | ta | ||
| 008 | 230509b bl.|||p| |||| 00| 00por d | ||
| 040 |
_aBR-BrBNA _bpor _cBiblioteca Nacional de Agricultura |
||
| 041 | _a(Pt) | ||
| 072 | _aH20 | ||
| 100 | 1 | _aCampos-Farina, A.E. de C. | |
| 100 | 1 | _aChaud-Netto, J. | |
| 245 | 1 | _aBiologia reprodutiva de Cotesia flavipes (Cameron)(Hymenoptera: Braconidae); 5: avaliação do número de posturas, prole e razão sexual do parasitóide em relação ao tamanho do hospedeiros Diatraea saccharalis Fabricius (Lepidoptera: Pyralidae) | |
| 650 | _aCANA DE AÇÚCAR | ||
| 650 | _aINSETO | ||
| 650 | _aPARASITISMO | ||
| 650 | _aCONTROLE BIOLÓGICO | ||
| 650 | _aBROCA | ||
| 650 | _aLEPIDOPTERO | ||
| 650 | _aTAXA DE CRESCIMENTO | ||
| 650 | _aBIOLOGIA | ||
| 773 | 0 |
_tArquivos do Instituto Biológico (Brazil) _xISSN 0020-3653 _g(Jul-Dec 2000), v. 67(2) p. 249-252 _wBR0300186 |
|
| 909 |
_a202311 _bLúcia _c55 _dLúcia Elande |
||
| 942 |
_2AGRIS _n0 _cANA |
||
| 999 |
_c173184 _d173184 |
||